Statistics for Biggest Cities in Colombia Quiz

Click here to take the quiz!

General Stats

  • This quiz has been taken 51 times
  • The average score is 9 of 20

Answer Stats

PopulationCity% Correct
6,840,116Bogota
100%
2,214,494Medellin
95%
2,119,908Cali
93%
1,146,359Barranquilla
77%
892,545Cartagena
77%
516,51Bucaramanga
56%
415,270Santa Marta
51%
498,401Ibague
37%
443,554Pereira
35%
587,676Cucuta
35%
379,972Manizales
35%
461,851Soledad
30%
380,222Villavicencio
28%
354,180Valledupar
28%
351,454Buenaventura
28%
402,007Soacha
26%
381,525Monteria
26%
352,859Neiva
26%
371,673Bello
19%
382,618San Juan de Pasto
9%

Score Distribution

Percentile by Number Answered

Percent of People with Each Score

Your Score History

You have not taken this quiz